Обработка рекурсивных данных конечными автоматами; Известия Томского политехнического университета [Известия ТПУ]; Т. 309, № 7

Dettagli Bibliografici
Parent link:Известия Томского политехнического университета [Известия ТПУ]/ Томский политехнический университет (ТПУ).— , 2000-
Т. 309, № 7.— 2006.— [С. 130-133]
Autore principale: Новосельцев В. Б. Виталий Борисович
Altri autori: Соколова В. В. Вероника Валерьевна
Riassunto:Заглавие с титульного листа
Электронная версия печатной публикации
Предлагается альтернативный стандартному формализму подход к обработке рекурсивных данных. Основной идеей является первичность функциональности, а не данных. Функциональность реализуется механизмами, основанными на теории конечных автоматов. Полученные результаты позволяют использовать новые методы для создания естественного описания предметной области, содержащей рекурсивные структуры, что, в свою очередь, повышает эффективность манипулирования такими данными.
Lingua:russo
Pubblicazione: 2006
Serie:Технические науки
Soggetti:
Accesso online:http://www.lib.tpu.ru/fulltext/v/Bulletin_TPU/2006/v309/i7/28.pdf
Natura: MixedMaterials Elettronico Capitolo di libro
KOHA link:https://koha.lib.tpu.ru/cgi-bin/koha/opac-detail.pl?biblionumber=171797

MARC

LEADER 00000nla2a2200000 4500
001 171797
005 20240206162240.0
035 |a (RuTPU)RU\TPU\book\186270 
035 |a RU\TPU\book\186266 
090 |a 171797 
100 |a 20091208d2006 k y0rusy50 ca 
101 0 |a rus 
102 |a RU 
135 |a drnn ---uucaa 
181 0 |a i  
182 0 |a b 
200 1 |a Обработка рекурсивных данных конечными автоматами  |f В. Б. Новосельцев, В. В. Соколова 
203 |a Текст  |c электронный 
215 |a 1 файл (375 Кб) 
225 1 |a Технические науки 
300 |a Заглавие с титульного листа 
300 |a Электронная версия печатной публикации 
320 |a [Библиогр.: с. 133 (6 назв.)] 
330 |a Предлагается альтернативный стандартному формализму подход к обработке рекурсивных данных. Основной идеей является первичность функциональности, а не данных. Функциональность реализуется механизмами, основанными на теории конечных автоматов. Полученные результаты позволяют использовать новые методы для создания естественного описания предметной области, содержащей рекурсивные структуры, что, в свою очередь, повышает эффективность манипулирования такими данными. 
337 |a Adobe Reader 
461 1 |0 (RuTPU)RU\TPU\book\176237  |t Известия Томского политехнического университета [Известия ТПУ]  |f Томский политехнический университет (ТПУ)  |d 2000- 
463 1 |0 (RuTPU)RU\TPU\book\186202  |t Т. 309, № 7  |v [С. 130-133]  |d 2006  |p 274 с. 
610 1 |a обработка 
610 1 |a рекурсивные данные 
610 1 |a конечные автоматы 
610 1 |a формализм 
610 1 |a функциональность 
610 1 |a механизмы 
610 1 |a теория конечных автоматов 
610 1 |a естественное описание 
610 1 |a предметные области 
610 1 |a рекурсивные структуры 
610 1 |a труды учёных ТПУ 
610 1 |a электронный ресурс 
700 1 |a Новосельцев  |b В. Б.  |c профессор каф. оптимизации систем управления Института «Кибернетический центр» ТПУ  |c доктор физико-математических наук  |f 1955-  |g Виталий Борисович  |3 (RuTPU)RU\TPU\pers\25404 
701 1 |a Соколова  |b В. В.  |c специалист в области информатики и вычислительной техники  |c доцент Томского политехнического университета, кандидат технических наук  |f 1977-  |g Вероника Валерьевна  |3 (RuTPU)RU\TPU\pers\27798  |9 12846 
801 1 |a RU  |b 63413507  |c 20090623  |g PSBO 
801 2 |a RU  |b 63413507  |c 20211110  |g PSBO 
856 4 |u http://www.lib.tpu.ru/fulltext/v/Bulletin_TPU/2006/v309/i7/28.pdf 
942 |c CF